000 00676nam a2200241Ia 4500
003 OSt
005 20221007103557.0
006 a|||||r|||| 00| 0
007 ta
008 221006b |||||||| |||| 00| 0 eng d
024 _a13,518
037 _cTextual
040 _aLCO
_cLCO
_beng
041 _2eng
_aeng
082 _aZ41,1, L0
100 _aCohen J.A.
_9705264
245 0 _aContemporary Chinese Law
_b Research Problems and Perspectives
260 _aCambridge
_bHarvard University Press U.K.
_c1970
300 _a380
650 _aCONTEMPORARY CHINESE LAW
_9705265
942 _hZ41,1, L0
_cTEXL
999 _c1183081
_d1183081